000 01049nam a22002537a 4500
999 _c18244
_d18244
003 AR-CdUCM
008 190513b ||||| |||| 00| 0 spa d
040 _aMUNICIPALIDAD PROVINCIAL DEL CUSCO
_cBIBLIOTECA MUNICIPAL DEL CUSCO
041 _hrus
082 _a335.443 /
_bSH47
100 _aShishkin, A. F.
_938717
245 _aÉtica marxista /
260 _aMéxico D. F. :
_bGrijalbo,
_c1966.
300 _a511 páginas ;
_c22 cm.
505 _aContenido: Objetos de la ética marxista-leninista -- Tipos históricos de moral -- La moral y los otros elementos de la superestructura social -- El problema de la libertad y la necesidad y el criterio de la moral comunista -- La moral comunista -- El amor a la patria socialista y a los países del socialismo ...
650 _aÉtica
_91337
650 _aMarxismo
_924
650 _aLeninismo
_9845
650 _aSocialismo
_91037
700 _aFierro Menú, Andrés
_938718
700 _aSánchez Vázquez, Adolfo (traductores)
_912922
942 _2ddc
_cLIBROS
945 _aachl
_d2019-05-13